| 000 | 00473nam a22001577a 4500 | ||
|---|---|---|---|
| 005 | 20240307071728.0 | ||
| 008 | 240307b |||||||| |||| 00| 0 eng d | ||
| 041 | _aAfrikaans / English | ||
| 082 | _a349 BUT | ||
| 100 | _lAfrikaans / English | ||
| 245 | _aTydskrif vir die Suid-Afrikaanse Reg | ||
| 260 |
_aKaapstad : _bJuta en Kie Bpk, _c1980 |
||
| 300 |
_b212 blaadsye ; _c25 cm. |
||
| 650 |
_aLegal practice _bLaw |
||
| 942 |
_cCR _6ALISON_BN_VRIES |
||
| 999 |
_c1415 _d1415 |
||